000 00831cab a2200265 4500
001 ABS48726
008 090401t1993 xxu||||| |||| 00| 0 eng d
035 _a(Sirsi) u68298
041 _aeng
100 _aMenorca, E.S.
245 _aHotel valuations: the income capitalisation approach
260 _c1993
350 _a0
490 _aJournal of Property Valuation and Investment
_v11(3), 1993, 211-216(6)
520 _aDescribes in detail the income capitalisation approach to hotel valuation, and indicates the advantages over other methods of valuation.
650 _aAVERAGE ROOM RATE
650 _aEQUITY YIELD
650 _aHOTELS
650 _aINCOME CAPITALISATION
650 _aOPEN MARKET VALUE
650 _aVALUATION METHODS
690 _aRATING AND VALUATION
942 _n0
948 _c04/03/1997
999 _c42848
_d42848